000 00454nam a2200181Ia 4500
008 180921t2015 xxu||||| |||| 00| 0 sin d
041 _asin
080 _a8-31
_b(Tamil) THE
100 _aTheniyan
245 _aකුල අංගනාවෝ
246 _aKula Anganawo
260 _bGodage
_aColombo
_c2015
300 _a176P, 21cm
700 _aUpali Leelarathna
_etr.
942 _cBK
999 _c10941
_d10941
003 LK-CoDNM
040 _aLK-CoDNM
_dLK-CoDNM
_eLK-CoDNM